Cien años de soledad
Αποθηκεύτηκε σε:
| Κύριος συγγραφέας: | |
|---|---|
| Μορφή: | Βιβλίο |
| Γλώσσα: | Ισπανικά |
| Έκδοση: |
Buenos Aires
Debolsillo
2016
|
| Έκδοση: | 36a. ed |
| Σειρά: | Contemporánea
|
| Θέματα: | |
| Ετικέτες: |
Προσθήκη ετικέτας
Δεν υπάρχουν, Καταχωρήστε ετικέτα πρώτοι!
|
MARC
| LEADER | 00000cam a2200000 a 4500 | ||
|---|---|---|---|
| 001 | UCD5950 | ||
| 003 | CL-VaPUC | ||
| 008 | 161104e20160000ag |||||||||||||||||spa|d | ||
| 020 | |a 9871138148 | ||
| 020 | |a 9789871138142 | ||
| 082 | 0 | 4 | |a Co863 |b GAR |2 21 |
| 100 | 0 | |a García Márquez, Gabriel |e author |9 318478 | |
| 245 | 1 | 0 | |a Cien años de soledad |
| 250 | |a 36a. ed | ||
| 300 | |a 494 p | ||
| 942 | |c BK | ||
| 945 | |d 20161104 11:00:00 |a arojas | ||
| 260 | |a Buenos Aires |b Debolsillo |c 2016 | ||
| 650 | 0 | |a Novelas colombianas |9 266734 | |
| 650 | 0 | |a Literatura colombiana |9 315578 | |
| 583 | |a last modification |c 20161104 11:00:00 |k Rodrigo Vera | ||
| 490 | 0 | |a Contemporánea | |
| 999 | |c 366452 |d 366450 | ||
| 952 | |0 0 |1 0 |3 erb |4 0 |6 CO_863_000000000000000_GAR_2016 |7 0 |8 A |9 480694 |a BIBGIM |b BIBGIM |i 5346525 |l 7 |m 4 |o Co863 GAR 2016 |p 5346525 |q 2025-05-13 |r 2025-04-30 |s 2025-04-30 |w 2019-11-24 |y BK |z Catalogado en:20161104 |k COM | ||
| 952 | |0 0 |1 0 |3 erb |4 0 |6 CO_863_000000000000000_GAR_2016 |7 0 |8 C |9 480695 |a BIBCUR |b BIBCUR |i 5359325 |l 4 |o Co863 GAR 2016 |p 5359325 |r 2025-04-22 |s 2025-03-26 |w 2019-11-24 |y BK |z Catalogado en:20170113 |k CAC | ||